000 01104nam0a22003011 4500
001 v19\rc\1992378
005 20260406100413.0
035 _a(NLR Aleph) 005271321
090 _a6002586
_c6002586
100 _a20080811d1915 |||y0rusy50 ca
101 0 _arus
102 _aRU
105 _ay z |||c|
200 1 _aСвятая Нина, просветительница Грузии
_eИст. очерк
_fЛ. Черский
205 _a3-е изд. Печ. со 2-го изд. ...
210 _aМосква
_cМ.В. Клюкин
_d1915
215 _a16 с.
_d18
532 1 3 _aСвятая Нина, просветительница Грузии
700 1 _8rus
_7ca
_aЧерский
_bЛ. Ф.
_gЛеонид Федорович
_3RU\NLR\AUTH\7776304
_959232
702 0 _4570
_8rus
_7ca
_aНина
_cсвятая
_f276-340
_3RU\NLR\AUTH\779292
_9119129
801 2 _aRU
_bNLR
_c20090424
_2rusmarc
801 0 _aRU
_bNLR
_c20080811
_gpsbo
801 0 _aRU
_bRuMoRGB
_c20080811
_2psbo
801 1 _aRU
_bProSoft-M
_c20080811
_2rusmarc
852 _aNLR
_j40.14.7.201
942 _cBOOK
980 _aNB